000 00767nam a22002297a 4500
999 _c17121
_d17121
003 AR-CdUCM
008 190507b ||||| |||| 00| 0 spa d
040 _aMUNICIPALIDAD PROVINCIAL DEL CUSCO
_cBIBLIOTECA MUNICIPAL DEL CUSCO
041 _heng
082 _a920 /
_bI59
245 _aInsegura está la cabeza /
260 _aBarcelona ;
_bMateu,
_c1963.
300 _a314 páginas ;
_c18 cm.
500 _aSu majestad el Rey Hussein de Jordania
505 _aContenido: El asesinato de mi abuelo -- Un principe de Harrow -- Un rey de Sandhurst -- Mi inciacion como rey...
650 _aJordania
_936974
650 _aHussein
_936975
650 _aMonarquías
_936976
700 _aRiambau, Esteban
_936977
942 _2ddc
_cLIBROS
945 _adavv
_d07/05/2019